000 01191nam0a22002771 4500
001 rc\4833098
005 20250612192515.0
021 _aRU
_bП2110-62
035 _a(NLR Aleph) 008806188
090 _a8133012
_c8133012
100 _a20130426d1962 |||y0rusy50 ca
101 0 _arus
102 _aRU
105 _aa z |||||
200 1 _aТелевизионный приемник "Енисей-3"
_e(Схемные и телевизионные особенности)
_f[Отв. ред. А.Н. Исаев]
210 _aБ. м.
_cБ. и.
_d1962
215 _a33 с., 1 л. схем.
_cил.
_d20
225 1 _aМинистерство связи СССР. Главное радио-управление. Государственный научно-исследовательский институт. Информационное сообщение Лаборатории телевизионного приема НИИ
_v№ 3
300 _aОтпеч. множит. аппаратом
320 _aБиблиогр.: с. 33
702 1 _aИсаев
_bА.Н.
_4340
801 0 _aRU
_bNLR
_gpsbo
801 1 _aRU
_bELAR
_2rusmarc
852 _aNLR
_jП10/2665
942 _cBOOK
980 _aNB